000 00773nam a2200217 a 4500
001 15952014
008 160923s2010 ||||||||||||||||| || u
010 _a2009043181
020 _a9780755359424
050 _aPR 6112.E889L66
100 _aLevy, Andrea
245 1 4 _aThe long song
_cAndrea Levy
250 _a1st American ed.
260 _aLondon
_bHeadline Review
_c2010
260 _aLondon
_bHeadline Publishing Group
_c2010
300 _a421 p.
350 _a17.25
500 _a"A Frances Coady book." "Originally published in 2010 by Headline Review, Great Britain"--T.p. verso.
650 _aENGLISH LANGUAGE
995 _FCBU-MAIN LIBRARY (Kitwe)
_I17.25
_M1
_UAVAILABLE
_WSep 23, 2016
_ZFiction Collection
999 _c49506
_d49506